Crayola Crayon per Letter Quiz Stats

 Plays Quiz Updated May 17, 2017

Also try: Colors by Any Word
Challenge
Share
Tweet
Embed
Score 0/22 Timer 03:00
3 Plays Today
Letter Color % Correct
Bblack, blue, brown, brick red...
99.2%
Ggreen, gold, green yellow, gray...
95%
Yyellow, yellow green, yellow orange
94.3%
Rred, raw sienna, robin egg blue...
93%
Oorange, olive green, outrageous orange...
90.9%
Ppeach, periwinkle, piggy pink...
84.5%
Vviolet, violet red, vivid tangerine...
79%
Wwhite, wisteria, wild blue yonder...
72%
Iindigo, inch worm
65.1%
Mmagenta, mahogany, midnight blue...
64.1%
Ssepia, salmon, scarlet, sky blue...
54.2%
Letter Color % Correct
Ttan, turquoise blue, tickle me pink...
44.6%
Aaquamarine, apricot, antique brass...
43.6%
Ccornflower, cadet blue, canary...
37.1%
Llavender, laser lemon
25.2%
Ffuchsia, fern, forest green, fuzzy wuzzy
22.9%
Ddenim, dandelion, desert sand
16.9%
Eeggplant, electric lime
15.6%
Nnavy blue, neon carrot
14.8%
Jjungle green, jazzberry jam
8%
Hhot magenta
3.9%
Uunmellow yellow
3.5%

You're not logged in!

Compare scores with friends on all Sporcle quizzes.
Join for Free
OR
Log In

You Might Also Like...

Show Comments

Extras

Top Quizzes Today


Score Distribution

Your Account Isn't Verified!

In order to create a playlist on Sporcle, you need to verify the email address you used during registration. Go to your Sporcle Settings to finish the process.

Report this User

Report this user for behavior that violates our Community Guidelines.

Details: